• 首页
  • 本馆介绍
  • 公告通知
  • 最新文献
  • 馆藏检索
  • 电子资源
  • 读者导购
  • 参考咨询
  • 我的图书馆
  • 登录
  • 期刊详细显示
  • 现刊情况显示
  • 合订本情况显示
  • 篇目信息显示

期刊信息

  • 表格格式
  • 工作单格式
  • 卡片格式
索取号 
N5/HEBJ
题名 
哈尔滨建筑工程学院学报
作者 
该刊编委会
分册号 
分册名 
出版地 
哈尔滨
出版者 
该刊编委会
标准刊号 
1000-1883
出版频率 
季刊
中图法分类 
TU
主题词 
自然科学 丛书; 自然科学 文集; 自然科学 连续出版物
电子资源 
000 01671nas0 2200493 45
001 1196320022
005 20070413160826.81
011    @a1000-1883
021    @a黑龙江037
091    @aCN@b23-1244
092    @aCN@b14-100
100    @a19960105b19591995k y0chiy0110 eb
101 0  @achi@deng@drus@eeng@erus
102    @aCN@b230000
110    @aahaz 0yy0
200 1  @a哈尔滨建筑工程学院学报@AHa Er Bin Jian Zhu Gong Cheng Xue Yuan Xue Bao@dJournal of Harbin Architectural and Civil Engineering Institute@zeng@f该刊编委会@FGai Kan Bian Wei Hui
210    @a哈尔滨@b黑龙江省哈尔滨市西大直街66号(邮码150006)@c该刊编委会@d1959~95
215    @a28v.@d26cm
315    @a休刊:1966~73
326    @a季刊@b1965
326    @a不定期@b1973~79
326    @a半年刊@b1980
326    @a季刊@b1981~9?
326    @a双月刊
326    @a双月刊@b1959
326    @a季刊@b1960
326    @a半年刊@b1962~62
326    @a季刊@b1963~64
430  1 @12001 @a土木建筑学报
440  1 @12001 @a哈尔滨建筑大学学报
510 1  @aJournal of Harbin Architectural and Civil Engineering Institute@zeng
530 0  @a哈尔滨建筑工程学院学报@AHa Er Bin Jian Zhu Gong Cheng Xue Yuan Xue Bao
540 1  @a哈尔滨 建筑 工程 学院 学报@AHa Er Bin Jian Zhu Gong Cheng Xue Yuan Xue Bao
606 0  @a自然科学@x丛书
606 0  @a自然科学@x文集
606 0  @a自然科学@x连续出版物
610 0  @a建筑@a教育@a大学
676    @a624@v19
690    @aTU@v3
690    @aN5@v4
701  0 @a刘宝生@ALiu Bao Sheng@4主编
711 02 @a哈尔滨建筑工程学院@AHa Er Bin Jian Zhu Gong Cheng Xue Yuan@4主办
801  0 @aCN@bPFT@c20070413
905    @a1@cQ@dN5@eHEBJ
    
    哈尔滨建筑工程学院学报=Journal of Harbin Architectural and Civil Engineering Institute/该刊编委会.-哈尔滨(黑龙江省哈尔滨市西大直街66号(邮码150006)):该刊编委会,1959~95
    28v.;26cm
    继承:.-由:继承.-←识别题名:哈尔滨建筑工程学院学报
    
    ISSN 1000-1883
    
●
相关链接: 在易读查询期刊 在中国知网中查询期刊 在万方数据查询期刊 在维普查询期刊
唐山师范学院图书馆 欢迎您!
大连网信软件有限公司© 版权所有